[Event "World Blitz Women 2025"]
[Site "Doha QAT"]
[Date "2025.12.29"]
[Round "8.12"]
[White "Mamedjarova, Turkan"]
[Black "Muzychuk, Anna"]
[Result "0-1"]
[WhiteTitle "WGM"]
[BlackTitle "GM"]
[WhiteElo "2216"]
[BlackElo "2518"]
[WhiteFideId "13402005"]
[BlackFideId "14111330"]
[EventDate "2025.12.29"]

1. d4 d5 2. Nf3 Nf6 3. Bf4 Bf5 4. e3 e6 5. Bd3 Bd6 6. Ne5 Bxd3 7. cxd3 O-O 8.
O-O Ne8 9. Qb3 Qc8 10. Bg3 f6 11. Nf3 Nd7 12. Nc3 c6 13. e4 Bxg3 14. hxg3 Nd6
15. Rfe1 Qc7 16. Rac1 Qb6 17. Qa3 Nf7 18. exd5 exd5 19. Re7 Rad8 20. Rce1 a5 21.
Na4 Qb4 22. Qxb4 axb4 23. Nc5 Nxc5 24. dxc5 Rb8 25. Rc7 Rfc8 26. Rce7 h5 27. b3
Rd8 28. Nh4 Rdc8 29. Nf5 b6 30. d4 bxc5 31. dxc5 Ra8 32. Nd6 Rf8 33. Rb7 Rxa2
34. Nf5 Rb2 35. Re3 Rb1+ 36. Kh2 Ne5 37. Rxg7+ Kh8 38. f3 Rc1 39. Rb7 Rxc5 40.
Rxb4 Rc2 41. Rh4 Ra8 42. Rxh5+ Kg8 43. Ne7+ Kf7 44. Nf5 Raa2 45. Nh4 Rd2 46. g4
d4 47. Re4 c5 48. g5 Re2 49. gxf6 Rxe4 50. fxe4 Kxf6 51. Kg3 Rb2 52. Rh6+ Kg5
53. Rh8 Rxb3+ 54. Nf3+ Nxf3 55. gxf3 c4 56. Rc8 c3 57. f4+ Kf6 58. Kf3 c2+ 59.
Ke2 d3+ 60. Kd2 Rb1 61. Rc6+ Ke7 62. Kxd3 c1=Q 63. Kd4 0-1

[Event "World Blitz Women 2025"]
[Site "Doha QAT"]
[Date "2025.12.29"]
[Round "8.13"]
[White "Song, Yuxin"]
[Black "Gong, Qianyun"]
[Result "1-0"]
[WhiteTitle "IM"]
[BlackTitle "WGM"]
[WhiteElo "2454"]
[BlackElo "2228"]
[WhiteFideId "8614300"]
[BlackFideId "8602425"]
[EventDate "2025.12.29"]

1. e4 e6 2. d4 d5 3. e5 c5 4. c3 Nc6 5. Nf3 Bd7 6. Be2 Nge7 7. Na3 cxd4 8. cxd4
Nf5 9. Nc2 Be7 10. O-O O-O 11. Bd3 f6 12. Bxf5 exf5 13. Re1 a5 14. h3 b5 15. Bf4
b4 16. Qd3 a4 17. Ne3 fxe5 18. Nxe5 Nxe5 19. dxe5 Be6 20. Rad1 Ra5 21. Nc2 Bc5
22. Be3 Be7 23. Nd4 Qd7 24. f4 Rd8 25. Rc1 g6 26. Nc6 Raa8 27. Nxd8 Rxd8 28. Bd4
h6 29. Qa6 Kh7 30. Rc6 Bh4 31. Rec1 Bg8 1-0

[Event "World Blitz Women 2025"]
[Site "Doha QAT"]
[Date "2025.12.29"]
[Round "8.14"]
[White "Arabidze, Meri"]
[Black "Badelka, Olga"]
[Result "1-0"]
[WhiteTitle "IM"]
[BlackTitle "IM"]
[WhiteElo "2413"]
[BlackElo "2395"]
[WhiteFideId "13604040"]
[BlackFideId "13509926"]
[EventDate "2025.12.29"]

1. c4 Nf6 2. Nf3 e6 3. g3 d5 4. cxd5 exd5 5. Bg2 Be7 6. O-O O-O 7. b3 c6 8. Bb2
a5 9. d3 Re8 10. Qc2 Na6 11. a3 Nc5 12. Nbd2 Ne6 13. e4 Bf8 14. e5 Nd7 15. d4 b6
16. Rfe1 Bb7 17. Rad1 Rc8 18. Qb1 c5 19. dxc5 Ndxc5 20. Nd4 Nxd4 21. Bxd4 Ne6
22. Bb2 Qc7 23. Nf1 Qc2 24. Ne3 Qxb1 25. Rxb1 Nc5 26. Red1 Nxb3 27. Nxd5 Bxd5
28. Bxd5 Nc5 29. Bd4 Red8 30. Be3 Rb8 31. Bc6 g6 32. a4 Ne6 33. Rxd8 Nxd8 34.
Bd5 Bb4 35. Rc1 Ne6 36. Rc6 Nc5 37. Rc7 Rf8 38. Bh6 Rd8 39. Bxf7+ Kh8 40. Bc4
Nd7 41. e6 Ne5 42. Bg7+ 1-0

[Event "World Blitz Women 2025"]
[Site "Doha QAT"]
[Date "2025.12.29"]
[Round "8.15"]
[White "Nomin-Erdene, Davaademberel"]
[Black "Khademalsharieh, Sarasadat"]
[Result "1/2-1/2"]
[WhiteTitle "IM"]
[BlackTitle "IM"]
[WhiteElo "2312"]
[BlackElo "2414"]
[WhiteFideId "4900782"]
[BlackFideId "12512214"]
[EventDate "2025.12.29"]

1. e4 e5 2. Nf3 Nc6 3. Bc4 Bc5 4. c3 Nf6 5. d4 exd4 6. e5 d5 7. Bb5 Ne4 8. cxd4
Bb6 9. Nc3 O-O 10. Be3 Bg4 11. Qc2 Bf5 12. Qb3 Ne7 13. O-O c6 14. Be2 Ng6 15.
Rad1 f6 16. Nxe4 Bxe4 17. Nd2 Bf5 18. f4 fxe5 19. fxe5 Qe7 20. Nf3 Be4 21. Ng5
Bf5 22. Rf2 h6 23. Nf3 Bg4 24. h3 Bxf3 25. Bxf3 Rf7 26. Bh5 Rxf2 27. Bxf2 Nf4
28. Bg4 Rf8 29. Qg3 h5 30. Bf3 Rf5 31. Be3 Ne6 32. Qg6 Qf7 33. Qxf7+ Kxf7 34.
Be2 Ke7 35. g4 hxg4 36. Bxg4 Rf8 37. Kg2 c5 38. dxc5 Nxc5 39. Rxd5 Ne6 40. Bxb6
Nf4+ 41. Kg3 axb6 42. Rb5 Nd3 43. Rxb6 Nc5 44. b4 Ne4+ 45. Kg2 Rf2+ 46. Kg1 Rxa2
47. Rxb7+ Kf8 48. e6 Nd6 49. e7+ Kf7 50. Rd7 Ne8 51. b5 Rb2 52. Rb7 Nd6 53. Bh5+
g6 54. Bxg6+ Kxg6 55. Rb6 Kf7 56. Rxd6 Rxb5 57. Rd7 Re5 58. Kg2 Rxe7 59. Rd4 Re3
60. Rf4+ Kg6 61. Rg4+ Kh6 1/2-1/2

[Event "World Blitz Women 2025"]
[Site "Doha QAT"]
[Date "2025.12.29"]
[Round "8.16"]
[White "Kaliakhmet, Elnaz"]
[Black "Mungunzul, Bat-Erdene"]
[Result "0-1"]
[WhiteTitle "WIM"]
[BlackTitle "WIM"]
[WhiteElo "2329"]
[BlackElo "2350"]
[WhiteFideId "13730169"]
[BlackFideId "4902831"]
[EventDate "2025.12.29"]

1. d4 d6 2. Nf3 g6 3. c4 f5 4. Nc3 Nf6 5. g3 Bg7 6. Bg2 O-O 7. O-O c6 8. b3 a5
9. Bb2 Na6 10. Rc1 Qc7 11. a3 Re8 12. Qc2 e5 13. dxe5 dxe5 14. e4 Nc5 15. exf5
Bxf5 16. Qe2 Bd3 17. Qe3 Bxf1 18. Rxf1 Qe7 19. b4 e4 20. Ng5 axb4 21. axb4 Nd3
22. Ba1 Nxb4 23. h4 Nc2 24. Qd2 Nxa1 25. Qb2 e3 26. Rxa1 exf2+ 27. Kh2 Rxa1 28.
Qxa1 Qe1 29. Qa2 c5 30. Qa7 Qg1+ 31. Kh3 f1=Q 32. Qxb7 Qf5+ 0-1

[Event "World Blitz Women 2025"]
[Site "Doha QAT"]
[Date "2025.12.29"]
[Round "8.17"]
[White "Injac, Teodora"]
[Black "Yakimova, Mariya"]
[Result "0-1"]
[WhiteTitle "IM"]
[BlackTitle "WFM"]
[WhiteElo "2421"]
[BlackElo "2241"]
[WhiteFideId "932400"]
[BlackFideId "34188859"]
[EventDate "2025.12.29"]

1. Nf3 d5 2. g3 Nc6 3. d4 Bf5 4. Bg2 e6 5. O-O Nb4 6. Na3 Nc6 7. Nb1 Nb4 8. Ne1
Be7 9. Nd2 Nf6 10. c3 Nc6 11. a4 a5 12. Nd3 h5 13. Re1 h4 14. e4 dxe4 15. Nxe4
Nxe4 16. Bxe4 Bxe4 17. Rxe4 hxg3 18. hxg3 Qd5 19. Qe2 O-O-O 20. Qf3 g5 21. Re3
Qxf3 22. Rxf3 Rh7 23. Kf1 Rdh8 24. Ke2 g4 25. Rf4 f5 26. d5 Nd8 27. dxe6 Rh5 28.
Rc4 Rh1 29. Bf4 Nxe6 30. Rxh1 Rxh1 31. Be5 Kd7 32. Nf4 c6 33. Nxe6 Kxe6 34. Bf4
Rb1 35. Bc7 Rxb2+ 36. Ke1 Bf6 37. Bxa5 Be5 38. Bb4 Kd5 39. Rc5+ Ke4 40. a5 Ra2
41. Kd1 Bb8 42. Rc4+ Kf3 43. Bc5 Rxa5 44. Be3 Ra1+ 45. Kc2 Ra2+ 46. Kb3 Re2 47.
Bd4 Be5 48. Bc5 b5 49. Rb4 Re4 50. c4 bxc4+ 51. Rxc4 Rxc4 52. Kxc4 Ke4 53. Bb6
Bd6 54. Ba7 Ba3 55. Bb6 Kf3 56. Ba7 Bd6 57. Bb6 Be7 58. Kd3 Bb4 59. Ba7 Be1 0-1

[Event "World Blitz Women 2025"]
[Site "Doha QAT"]
[Date "2025.12.29"]
[Round "8.18"]
[White "Yu, Jennifer"]
[Black "Vo, Thi Kim Phung"]
[Result "0-1"]
[WhiteTitle "FM"]
[BlackTitle "WGM"]
[WhiteElo "2276"]
[BlackElo "2322"]
[WhiteFideId "2078341"]
[BlackFideId "12401838"]
[EventDate "2025.12.29"]

1. c4 e6 2. Nc3 d5 3. e3 Nf6 4. Nf3 c6 5. b3 Nbd7 6. Bb2 Bd6 7. Qc2 a6 8. d4 O-O
9. Bd3 e5 10. cxd5 cxd5 11. dxe5 Nxe5 12. Nxe5 Bxe5 13. O-O-O d4 14. exd4 Bxd4
15. Kb1 Qa5 16. Bxh7+ Nxh7 17. Rxd4 Bf5 18. Ne4 Rac8 19. Qe2 Rfe8 20. f3 Bg6 21.
Ka1 Ng5 22. Rhd1 Nxe4 23. fxe4 Qg5 24. Rd5 Qf4 25. e5 Rc2 26. Qf3 Qxh2 27. e6
Rxe6 28. Rd8+ Kh7 29. Qxb7 Bh5 30. Qb8 Qxb8 31. Rxb8 Bxd1 0-1

[Event "World Blitz Women 2025"]
[Site "Doha QAT"]
[Date "2025.12.29"]
[Round "8.19"]
[White "Iudina, Veronika"]
[Black "Padmini, Rout"]
[Result "1-0"]
[WhiteTitle "WFM"]
[BlackTitle "IM"]
[WhiteElo "2204"]
[BlackElo "2354"]
[WhiteFideId "24277916"]
[BlackFideId "5029295"]
[EventDate "2025.12.29"]

1. e4 c5 2. c3 g6 3. d4 cxd4 4. cxd4 d5 5. exd5 Nf6 6. Nc3 Bg7 7. Bc4 O-O 8. Nf3
Nbd7 9. d6 exd6 10. O-O Nb6 11. Bb3 d5 12. Ne5 Be6 13. Re1 Rc8 14. Bg5 h6 15.
Bh4 g5 16. Bg3 Nc4 17. Nxc4 dxc4 18. Bc2 Nd5 19. Be5 f6 20. Bg3 Bf7 21. Qf3 Nb4
22. Be4 Qxd4 23. Rad1 Nd3 24. Qf5 Rfd8 25. Re3 Rc5 26. Qh7+ Kf8 27. Bxd3 cxd3
28. Rexd3 Rc4 29. Rxd4 Rcxd4 30. Rxd4 Rxd4 31. Qc2 b6 32. h3 Be6 33. Qe2 Kf7 34.
Nb5 Rd7 35. Nd6+ Ke7 36. Nf5+ Kf7 37. Nxg7 1-0

[Event "World Blitz Women 2025"]
[Site "Doha QAT"]
[Date "2025.12.29"]
[Round "8.20"]
[White "Khafizova, Diana"]
[Black "Balajayeva, Khanim"]
[Result "1-0"]
[WhiteTitle "WFM"]
[BlackTitle "IM"]
[WhiteElo "2234"]
[BlackElo "2351"]
[WhiteFideId "34378049"]
[BlackFideId "13406396"]
[EventDate "2025.12.29"]

1. d4 d5 2. c4 e6 3. Nf3 Nf6 4. g3 Be7 5. Bg2 O-O 6. O-O dxc4 7. Ne5 Nc6 8. Bxc6
bxc6 9. Nxc6 Qe8 10. Nxe7+ Qxe7 11. Qa4 e5 12. dxe5 Qxe5 13. Re1 Be6 14. Nc3 Qh5
15. Qc6 Rab8 16. Bf4 Rxb2 17. Rab1 Rc2 18. Rec1 Rxc3 19. Rxc3 Bd5 20. Qxc7 Qh3
21. f3 Ng4 22. Qxa7 Qxh2+ 23. Kf1 Qh3+ 24. Kg1 g5 25. Bd6 Rd8 26. Rb8 Qh2+ 27.
Kf1 Qh3+ 28. Ke1 Rxb8 29. Qxb8+ Kg7 30. Be5+ Kg6 31. Qd6+ Be6 32. fxg4 Qh1+ 33.
Kd2 Qb1 34. Rxc4 Qxa2+ 35. Rc2 Qa4 36. Qd4 Qa8 37. Qd3+ Kh6 38. Qd4 Qa5+ 39. Ke3
Kg6 40. Bh8 Qa3+ 41. Kf2 Qe7 42. Rc7 1-0

[Event "World Blitz Women 2025"]
[Site "Doha QAT"]
[Date "2025.12.29"]
[Round "8.21"]
[White "Koneru, Humpy"]
[Black "Savitha, Shri B"]
[Result "1-0"]
[WhiteTitle "GM"]
[BlackTitle "IM"]
[WhiteElo "2535"]
[BlackElo "2334"]
[WhiteFideId "5008123"]
[BlackFideId "35061887"]
[EventDate "2025.12.29"]

1. Nf3 c5 2. b3 Nc6 3. Bb2 d5 4. e3 Nf6 5. Bb5 a6 6. Bxc6+ bxc6 7. Ne5 Qc7 8.
O-O Bf5 9. f4 e6 10. d3 Bd6 11. Nd2 O-O 12. Qe2 Bg6 13. e4 Bh5 14. g4 Nxg4 15.
Nxg4 Bxf4 16. Nf6+ gxf6 17. Qxh5 e5 18. Rxf4 exf4 19. Qg4+ 1-0

[Event "World Blitz Women 2025"]
[Site "Doha QAT"]
[Date "2025.12.29"]
[Round "8.22"]
[White "Shuvalova, Polina"]
[Black "Girya, Olga"]
[Result "1/2-1/2"]
[WhiteTitle "IM"]
[BlackTitle "GM"]
[WhiteElo "2502"]
[BlackElo "2398"]
[WhiteFideId "24171760"]
[BlackFideId "4195752"]
[EventDate "2025.12.29"]

1. e4 e5 2. Nf3 Nc6 3. Bc4 Bc5 4. d3 Nf6 5. O-O d6 6. c3 a6 7. Nbd2 Ba7 8. a4
Nh5 9. d4 Nf4 10. Nb3 Qf6 11. Ne1 O-O 12. Be3 Re8 13. Qf3 Ng6 14. Qxf6 gxf6 15.
f3 f5 16. Nc2 f4 17. Bf2 Kg7 18. Bd3 Bd7 19. Rfe1 Rad8 20. Rad1 Bb6 21. Kf1 Nce7
22. Re2 Bxa4 23. Nba1 c5 24. b3 Bc6 25. Red2 Ba5 26. b4 cxb4 27. cxb4 Bc7 28.
Nb3 Rc8 29. Na3 Ba4 30. Rb1 Bb6 31. dxe5 Bxf2 32. exd6 Be3 33. Rdd1 Ng8 34. Nc5
Bxc5 35. bxc5 Rxc5 36. Rd2 Ne5 37. Rxb7 Rd8 38. Be2 Nf6 39. g3 Ng6 40. Rb4 Bd7
41. Kf2 Be6 42. Rb6 a5 43. Ra6 Ne8 44. Nb5 Bc4 45. Bxc4 Rxc4 46. Rxa5 Rc5 47. d7
Nc7 48. Ra7 Nxb5 49. Ra5 Ne7 50. Rb2 Rxd7 51. Raxb5 Rxb5 52. Rxb5 Rd2+ 53. Kg1
fxg3 54. hxg3 Ng6 55. f4 Ra2 56. e5 Ne7 57. Rb3 Nf5 58. Rf3 Kg6 59. g4 Nd4 60.
Rf2 Rxf2 61. Kxf2 h5 62. f5+ Kg5 63. e6 fxe6 64. fxe6 1/2-1/2

[Event "World Blitz Women 2025"]
[Site "Doha QAT"]
[Date "2025.12.29"]
[Round "8.23"]
[White "Jiang, Tianyu"]
[Black "Mammadzada, Gunay"]
[Result "1/2-1/2"]
[BlackTitle "IM"]
[WhiteElo "2224"]
[BlackElo "2390"]
[WhiteFideId "8627215"]
[BlackFideId "13403729"]
[EventDate "2025.12.29"]

1. Nc3 d5 2. e4 d4 3. Nce2 c5 4. c3 e5 5. Ng3 Nf6 6. Nf3 Bd6 7. Bb5+ Nc6 8. d3
h6 9. O-O Qb6 10. Bxc6+ Qxc6 11. cxd4 cxd4 12. Nh4 g6 13. Qe2 Bg4 14. f3 Be6 15.
f4 exf4 16. Bxf4 Bxf4 17. Rxf4 Nd7 18. Nhf5 gxf5 19. exf5 O-O-O 20. fxe6 fxe6
21. Rxd4 Qb6 22. Qf2 Kb8 23. Ne4 Ne5 24. Rxd8+ Rxd8 25. Qxb6 axb6 26. Nf2 Rd5
27. Rd1 Rb5 28. b3 Ra5 29. Rd2 Nc6 30. Ne4 Nb4 31. Nc3 Rc5 32. Na4 Rc6 33. a3
Nd5 34. b4 b5 35. Nc5 b6 36. Ne4 Rc1+ 37. Kf2 Ra1 38. Nd6 Rxa3 39. Nxb5 Ra1 40.
Nd4 Nxb4 41. Nxe6 Ra3 42. d4 Kc8 43. d5 Kd7 44. g3 Kd6 45. Nf4 Rc3 46. Ke2 Rc1
47. Rb2 Rc4 48. Kf3 Kc5 49. Rd2 Kd6 50. h4 Nc2 51. Kg4 b5 52. Re2 Nd4 53. Rb2 b4
54. Kh5 Nf5 55. Nd3 Nxg3+ 56. Kxh6 Nf5+ 57. Kg5 Nxh4 58. Nxb4 Nf3+ 59. Kf6 Kc5
60. Nc6 Kxd5 61. Ne7+ Kc5 62. Rf2 Nd4 63. Nf5 Nxf5 64. Rxf5+ Kb4 1/2-1/2

[Event "World Blitz Women 2025"]
[Site "Doha QAT"]
[Date "2025.12.29"]
[Round "8.24"]
[White "Rudzinska, Michalina"]
[Black "Gunina, Valentina"]
[Result "0-1"]
[WhiteTitle "WGM"]
[BlackTitle "GM"]
[WhiteElo "2206"]
[BlackElo "2393"]
[WhiteFideId "1172883"]
[BlackFideId "4167570"]
[EventDate "2025.12.29"]

1. e4 c5 2. Nf3 Nc6 3. Bc4 e6 4. O-O Nf6 5. Re1 Be7 6. e5 Nd5 7. c3 O-O 8. d4 d6
9. dxc5 dxe5 10. b4 f6 11. a3 b6 12. cxb6 axb6 13. Qb3 Nc7 14. Be3 b5 15. Be2 e4
16. Nd4 Nxd4 17. Bxd4 Bb7 18. Nd2 Kh8 19. Nf1 e5 20. Bb6 Qd5 21. c4 bxc4 22.
Bxc4 Qc6 23. Be3 f5 24. Rac1 f4 25. Bf7 Qd7 26. Red1 Bd6 27. Bc5 Nb5 28. Bd5
Rad8 29. a4 Nd4 30. Bxd4 exd4 31. Bxb7 Qxb7 32. Rxd4 e3 33. fxe3 f3 34. Rg4 Be5
35. Qc4 f2+ 36. Kh1 Rc8 37. Qxc8 Rxc8 0-1

[Event "World Blitz Women 2025"]
[Site "Doha QAT"]
[Date "2025.12.29"]
[Round "8.25"]
[White "Wang, Chuqiao"]
[Black "Nguyen Hong Nhung"]
[Result "1-0"]
[WhiteTitle "WIM"]
[BlackTitle "FM"]
[WhiteElo "2235"]
[BlackElo "2268"]
[WhiteFideId "8631638"]
[BlackFideId "12412201"]
[EventDate "2025.12.29"]

1. d4 f5 2. c4 Nf6 3. Nf3 g6 4. Nc3 Bg7 5. g3 O-O 6. Bg2 d6 7. O-O c6 8. Re1 Na6
9. b3 Nc7 10. Bb2 Qe8 11. Na4 Ne4 12. Nd2 Qf7 13. Rf1 Nxd2 14. Qxd2 e5 15. dxe5
dxe5 16. Rad1 e4 17. Bxg7 Qxg7 18. f3 exf3 19. Bxf3 Be6 20. Nc5 Rab8 21. Qf4 b6
22. Nxe6 Nxe6 23. Qd6 Qf6 24. Bxc6 Rbd8 25. Bd7 Nc5 26. Qxf6 Rxf6 27. Bb5 Rfd6
28. Rxd6 Rxd6 29. b4 Ne4 30. Rc1 Rd4 31. a3 Nd6 32. Ba6 Kf8 33. c5 Ne8 34. Bb5
bxc5 35. Bxe8 Kxe8 36. Rxc5 Kd7 37. Ra5 Rd2 38. Rxa7+ Kc6 39. Kf2 Ra2 40. a4 Kb6
41. Rxh7 Rxa4 42. Rh6 Rxb4 43. Rxg6+ Kc7 44. Rg5 f4 45. g4 Kd6 46. Rf5 Ke6 47.
Kf3 Rb3+ 48. Kxf4 Rh3 49. Rh5 Ra3 50. e4 Kf6 51. Rh6+ Kg7 52. Rb6 Rh3 53. Rb2
Kf6 54. g5+ Kg6 55. Kg4 Re3 56. Rb6+ Kg7 57. Kf5 Rf3+ 58. Ke6 Kg6 59. h4 Rf4 60.
Ke7+ Kg7 61. e5 Rxh4 62. e6 Rd4 63. Ke8 Rd5 64. e7 Rd4 65. Rb7 Rd5 66. Rb8 Rd4
67. Rd8 Re4 68. Kd7 Rd4+ 69. Kc6 Re4 70. e8=Q Rc4+ 71. Kd5 Rc7 72. Qg8# 1-0

[Event "World Blitz Women 2025"]
[Site "Doha QAT"]
[Date "2025.12.29"]
[Round "8.26"]
[White "Cori T., Deysi"]
[Black "Tarasenka, Aliaksandra"]
[Result "1-0"]
[WhiteTitle "IM"]
[BlackTitle "WIM"]
[WhiteElo "2349"]
[BlackElo "2266"]
[WhiteFideId "3801934"]
[BlackFideId "13514288"]
[EventDate "2025.12.29"]

1. d4 Nf6 2. Nf3 b6 3. a4 a5 4. g3 Bb7 5. Bg2 g6 6. O-O Bg7 7. Nc3 O-O 8. Re1
Ne4 9. Qd3 Nxc3 10. Qxc3 c5 11. Qd3 Na6 12. c3 cxd4 13. Nxd4 Bxg2 14. Kxg2 Nc5
15. Qf3 e5 16. Nb5 d5 17. Rd1 e4 18. Qf4 Re8 19. Be3 Be5 20. Qh6 Bg7 21. Qf4 Be5
22. Qh6 Bg7 23. Qh3 Re7 24. Bg5 f6 25. Be3 Qd7 26. Qh4 Rd8 27. Bd4 Nb3 28. Rab1
f5 29. Bxb6 Rb8 30. Bd4 Bxd4 31. Nxd4 Nc5 32. Nc6 Qxc6 33. Qxe7 Re8 34. Qh4 Nxa4
35. Rd4 Qb5 36. e3 Nxc3 37. Rc1 Ne2 38. Rc7 h5 39. Qf6 1-0

[Event "World Blitz Women 2025"]
[Site "Doha QAT"]
[Date "2025.12.29"]
[Round "8.27"]
[White "Beydullayeva, Govhar"]
[Black "Berend, Elvira"]
[Result "1/2-1/2"]
[WhiteTitle "WGM"]
[BlackTitle "WGM"]
[WhiteElo "2364"]
[BlackElo "2265"]
[WhiteFideId "13413015"]
[BlackFideId "4000510"]
[EventDate "2025.12.29"]

1. d4 Nf6 2. c4 e6 3. Bf4 b6 4. a3 Bb7 5. Nc3 d5 6. cxd5 Nxd5 7. Nxd5 exd5 8. e3
Bd6 9. Bxd6 Qxd6 10. Nf3 O-O 11. Bd3 c5 12. Rc1 Nd7 13. O-O Rac8 14. dxc5 bxc5
15. Bb1 Nf6 16. e4 Qf4 17. exd5 Bxd5 18. Qd2 Qg4 19. h3 Qh5 20. Qf4 Bxf3 21.
Qxf3 Qxf3 22. gxf3 Nd5 23. Rc4 Nb6 24. Re4 Rfd8 25. Rc1 g6 26. Ba2 Kf8 27. Rf4
f5 28. Rh4 Kg7 29. b4 Rd2 30. Be6 Rc6 31. bxc5 Na8 32. Bb3 Nc7 33. Rb4 Kf6 34.
Ba4 Ra6 35. c6 Ke5 36. Re1+ Kd6 37. Rc1 Rd3 38. Bb5 Nxb5 39. Rxb5 Rxc6 40. Rxc6+
Kxc6 41. Ra5 Kb6 42. Ra4 Rxf3 43. Kg2 Rc3 44. Rb4+ Kc6 45. Ra4 Kb7 46. Rb4+ Ka6
47. Ra4+ Kb6 48. Rb4+ Ka5 49. Rb7 a6 50. Rxh7 Rc6 51. Rh4 Kb5 52. Rb4+ Ka5 53.
Kg3 Rc3+ 54. Kh4 Rxa3 55. Rb8 Rf3 56. Kg5 Rxf2 57. Kxg6 f4 58. h4 Rg2+ 59. Kh6
f3 60. Rf8 f2 61. h5 Kb4 62. Kh7 a5 63. Rf4+ Kb3 64. h6 a4 65. Rf3+ Kb2 66. Kh8
a3 67. h7 Rh2 68. Kg8 a2 69. Rxf2+ Rxf2 70. h8=Q+ Kb1 71. Qh1+ Kc2 72. Qc6+ Kd2
73. Qd5+ Ke1 74. Qa5+ Rd2 75. Kf7 Kd1 76. Ke6 Rc2 77. Kd5 Kc1 78. Kd4 Kb1 79.
Qb4+ Kc1 80. Qe1+ Kb2 81. Qb4+ Kc1 82. Qa3+ Kb1 83. Qb3+ Kc1 84. Qa3+ Kb1 85.
Qb4+ Rb2 86. Qe1+ Kc2 87. Qc3+ Kb1 88. Qe1+ Kc2 89. Qc3+ Kb1 90. Qe1+ Kc2 91.
Qe2+ Kc1 92. Qe1+ Kc2 93. Qe2+ Kc1 94. Qe1+ Kc2 95. Qc3+ Kb1 96. Qe1+ 1/2-1/2

[Event "World Blitz Women 2025"]
[Site "Doha QAT"]
[Date "2025.12.29"]
[Round "8.28"]
[White "Bulmaga, Irina"]
[Black "Tokhirjonova, Gulrukhbegim"]
[Result "1/2-1/2"]
[WhiteTitle "IM"]
[BlackTitle "IM"]
[WhiteElo "2389"]
[BlackElo "2372"]
[WhiteFideId "13903063"]
[BlackFideId "14203626"]
[EventDate "2025.12.29"]

1. e4 e5 2. Nf3 Nc6 3. d4 exd4 4. Nxd4 Nf6 5. Nxc6 bxc6 6. Bd3 d6 7. O-O g6 8.
b3 Bg7 9. Bb2 O-O 10. Nd2 Re8 11. Rb1 d5 12. e5 Ng4 13. Nf3 Nxe5 14. Nxe5 Bxe5
15. Bxe5 Rxe5 16. Re1 Rxe1+ 17. Qxe1 Be6 18. Qc3 Qd6 19. Re1 c5 20. Qf6 a5 21.
h4 Re8 22. h5 Bd7 23. Rxe8+ Bxe8 24. Qc3 a4 25. bxa4 c4 26. Be2 Bxa4 27. h6 f6
28. Bf3 Bd7 29. Qa5 c6 30. Qd8+ Kf7 31. Qh8 Qf4 32. Qxh7+ Ke6 33. Qxg6 Qc1+ 1/2-1/2

[Event "World Blitz Women 2025"]
[Site "Doha QAT"]
[Date "2025.12.29"]
[Round "8.29"]
[White "Shvedova, Alexandra"]
[Black "Gu, Xiaobing"]
[Result "0-1"]
[WhiteTitle "WIM"]
[BlackTitle "WGM"]
[WhiteElo "2255"]
[BlackElo "2106"]
[WhiteFideId "54154782"]
[BlackFideId "8602611"]
[EventDate "2025.12.29"]

1. e4 c5 2. Ne2 a6 3. g3 b5 4. Bg2 Bb7 5. c3 d5 6. e5 e6 7. d4 Nc6 8. O-O g6 9.
Be3 c4 10. Nd2 h5 11. h4 Nh6 12. Bg5 Be7 13. Nf3 Nf5 14. Qd2 b4 15. b3 a5 16.
Rfc1 cxb3 17. axb3 O-O 18. Nf4 Bxg5 19. Nxg5 bxc3 20. Qxc3 Ncxd4 21. Rd1 Rc8 22.
Qxa5 Qd7 23. Qb6 Rc6 24. Qb4 Nc2 25. Qd2 Nxa1 26. Rxa1 Rfc8 27. Qb4 Rc1+ 28.
Rxc1 Rxc1+ 29. Kh2 Qe7 30. Qd2 Qc7 31. Ne2 Rc2 32. Qd3 Ra2 33. Nf3 Ba6 34. Qb1
Rxe2 35. Kg1 Qc2 36. Qa1 Rxf2 37. Qxa6 Rxg2+ 38. Kh1 Nxg3# 0-1

[Event "World Blitz Women 2025"]
[Site "Doha QAT"]
[Date "2025.12.29"]
[Round "8.30"]
[White "Khalilova, Madinabonu"]
[Black "Charkhalashvili, Inga"]
[Result "1-0"]
[WhiteTitle "WCM"]
[BlackTitle "WGM"]
[WhiteElo "2241"]
[BlackElo "2235"]
[WhiteFideId "14223422"]
[BlackFideId "13601431"]
[EventDate "2025.12.29"]

1. d4 Nf6 2. c4 e6 3. Nf3 b6 4. g3 Bb7 5. Bg2 d5 6. O-O Be7 7. Qc2 O-O 8. Bf4 c6
9. cxd5 Nxd5 10. Bd2 Nd7 11. e4 N5f6 12. Nc3 c5 13. Rfd1 cxd4 14. Nxd4 Rc8 15.
Be3 Qc7 16. Rac1 Qb8 17. f3 Ne5 18. Qe2 Nc4 19. Bf2 a6 20. b3 Na5 21. e5 Nd5 22.
Nxd5 Bxd5 23. Qxa6 Ba3 24. Rxc8 Rxc8 25. Qe2 Nc6 26. Nxc6 Rxc6 27. f4 Bxg2 28.
Kxg2 h6 29. Qe4 Rc8 30. b4 Qc7 31. Rd6 b5 32. Bc5 g6 33. Qf3 Bb2 34. Rd2 Bxe5
35. fxe5 Qxe5 36. Bd4 Qg5 37. Be3 Qe5 38. Bxh6 g5 39. Qg4 f6 40. h4 Rc4 41. Qh5
Qe4+ 42. Kh2 Rc8 43. hxg5 fxg5 44. Qxg5+ Kf7 45. Qg7+ Ke8 46. Qf8# 1-0

[Event "World Blitz Women 2025"]
[Site "Doha QAT"]
[Date "2025.12.29"]
[Round "8.31"]
[White "Batsiashvili, Nino"]
[Black "Charvi A"]
[Result "1-0"]
[WhiteTitle "GM"]
[BlackTitle "WFM"]
[WhiteElo "2462"]
[BlackElo "2270"]
[WhiteFideId "13602993"]
[BlackFideId "25165518"]
[EventDate "2025.12.29"]

1. d4 Nf6 2. c4 g6 3. Nc3 Bg7 4. e4 d6 5. Be2 O-O 6. Be3 e5 7. d5 a5 8. h4 h5 9.
f3 Na6 10. Nh3 Nc5 11. Nf2 Qe8 12. g4 Ncd7 13. Qd2 a4 14. Nb5 Qd8 15. Bg5 hxg4
16. fxg4 Nc5 17. Nc3 Qe8 18. h5 Nh7 19. Be3 a3 20. b3 b6 21. Nb5 Qd7 22. O-O-O
Ba6 23. Kb1 Bxb5 24. cxb5 Nf6 25. Qc2 Rac8 26. Rh2 Ra8 27. Rdh1 Rfc8 1-0

[Event "World Blitz Women 2025"]
[Site "Doha QAT"]
[Date "2025.12.29"]
[Round "8.32"]
[White "Jarocka, Liwia"]
[Black "Pham, Le Thao Nguyen"]
[Result "0-1"]
[WhiteTitle "FM"]
[BlackTitle "IM"]
[WhiteElo "2258"]
[BlackElo "2348"]
[WhiteFideId "21807558"]
[BlackFideId "12401226"]
[EventDate "2025.12.29"]

1. e4 c6 2. d4 d5 3. e5 Bf5 4. h4 h5 5. c4 e6 6. Nc3 Ne7 7. Nge2 dxc4 8. Ng3 b5
9. Bg5 Qa5 10. Qd2 Na6 11. Be2 Bg6 12. O-O Nd5 13. a4 b4 14. Nce4 c3 15. bxc3
bxc3 16. Qe1 Bb4 17. Qb1 O-O 18. Bxh5 Bh7 19. Qd3 c5 20. Qf3 cxd4 21. Qg4 Kh8
22. Rfd1 Qc7 23. Rxd4 Qxe5 24. Rc4 f5 25. Qe2 fxe4 26. Bg4 e3 27. f4 Nxf4 28.
Bxf4 Rxf4 0-1